[Event "AUTO-OPEN-1281"]
[Site "http://www.queenalice.com/game.php?id=470028"]
[Date "2008.9.28"]
[Round "1"]
[White "muppyman"]
[Black "cesarakg"]
[Result "1-0"]
[WhiteElo "1850"]
[BlackElo "1249"]

1. e4 e5 2. Nf3 Nc6 3. Bb5 Nge7 4. O-O g6 5. c3 d5 6. Re1 Bg7 7. exd5 Qxd5 8.
Ba4 Bd7 9. Bb3 Qd6 10. Ng5 Be6 11. Bxe6 fxe6 12. d4 h6 13. dxe5 Nxe5 14. Qxd6
cxd6 15. Nxe6 1-0

[Event "AUTO-OPEN-1281"]
[Site "http://www.queenalice.com/game.php?id=470029"]
[Date "2008.9.28"]
[Round "1"]
[White "cesarakg"]
[Black "muppyman"]
[Result "0-1"]
[WhiteElo "1249"]
[BlackElo "1856"]

1. e4 e6 2. d4 d5 3. Nd2 Nf6 4. Ngf3 dxe4 5. Nxe4 Nxe4 6. Qe2 Nf6 7. Bd2 Nc6 8.
c3 Be7 9. Qe3 O-O 10. Bd3 Re8 11. Nh4 Nd5 12. Qg3 Bxh4 13. Qf3 e5 14. dxe5 Nxe5
15. Qd1 Nxd3+ 16. Kf1 Nxf2 0-1

[Event "Challenge"]
[Site "http://www.queenalice.com/game.php?id=473006"]
[Date "2008.10.5"]
[Round "-"]
[White "Araujo"]
[Black "cesarakg"]
[Result "1-0"]
[WhiteElo "1860"]
[BlackElo "1352"]

1. e4 e5 2. Nf3 Nc6 3. Bc4 Bc5 4. c3 Nf6 5. d4 exd4 6. cxd4 Bb4+ 7. Nc3 Nxe4 8.
O-O Nxc3 9. bxc3 Bxc3 10. Qb3 d5 11. Bxd5 Be6 12. Bxe6 fxe6 13. Qxc3 O-O 14. Qb3
Na5 15. Qxe6+ Kh8 16. Ng5 Qxd4 17. Ba3 Rxf2 18. Rxf2 Qxa1+ 19. Rf1 Qd4+ 20. Kh1
h6 21. Nf7+ Kh7 22. Qf5+ g6 23. Qxa5 b6 24. Qe1 Qh4 25. Qxh4 1-0

[Event "AUTO-INT-1091"]
[Site "http://www.queenalice.com/game.php?id=487744"]
[Date "2008.11.4"]
[Round "1"]
[White "chess2009"]
[Black "cesarakg"]
[Result "0-1"]
[WhiteElo "1414"]
[BlackElo "1406"]

1. e4 e5 2. Qh5 Nc6 3. Bc4 Qe7 4. d3 Nf6 5. Qf3 Nd4 6. Qd1 c6 7. c3 Ne6 8. Bxe6
Qxe6 9. Nf3 d5 10. O-O dxe4 11. dxe4 Nxe4 12. Nbd2 Nxd2 13. Qxd2 Bd6 14. Ng5 Qg6
15. Rd1 O-O 16. Ne4 Be7 17. f3 h6 18. g4 Be6 19. b4 Bd5 20. Re1 Bh4 21. Re3 f5
22. Nf2 Bxf2+ 23. Qxf2 Rae8 24. Bd2 fxg4 25. a4 gxf3+ 26. Kf1 e4 27. Ke1 Qg2 28.
Qxg2 fxg2 29. Ke2 Bc4+ 30. Kd1 g1=Q+ 31. Re1 Qg4+ 32. Kc1 Bd3 33. Ra2 Rf1 34.
Rxf1 Bxf1 35. Ra1 e3 36. Be1 Qe2 37. Bh4 Qd2+ 38. Kb1 Bd3# 0-1

[Event "AUTO-INT-1091"]
[Site "http://www.queenalice.com/game.php?id=487745"]
[Date "2008.11.4"]
[Round "1"]
[White "cesarakg"]
[Black "chess2009"]
[Result "1-0"]
[WhiteElo "1373"]
[BlackElo "1435"]

1. e4 e5 2. Nf3 f6 3. Nxe5 fxe5 4. Qh5+ Ke7 5. Qxe5+ Kf7 6. Bc4+ d5 7. Bxd5+ Kg6
8. d4 Bd6 9. Qg5+ Qxg5 10. Bxg5 Kxg5 11. h4+ Kg6 12. h5+ Kf6 13. e5+ Bxe5 14.
dxe5+ Kxe5 15. Nc3 Nf6 16. Bf3 Re8 17. O-O-O Rf8 18. Rhe1+ Kf5 19. Rd4 Nc6 20.
Be4+ Kg5 21. Rd3 Be6 22. Rg3+ Ng4 23. f3 Ne5 24. Bxh7 Kxh5 25. Rh1+ Kg5 26. Ne4+
Kf4 27. Kd2 Rad8+ 28. Kc3 Nf6 29. Rh4+ Ke3 30. f4+ Nf3 31. Rxf3+ Ke2 32. Ng3+
Kd1 33. Rh1# 1-0

[Event "AUTO-INT-1091"]
[Site "http://www.queenalice.com/game.php?id=487760"]
[Date "2008.11.4"]
[Round "1"]
[White "aureliano"]
[Black "cesarakg"]
[Result "0-1"]
[WhiteElo "1475"]
[BlackElo "1441"]

1. d4 Nf6 2. Nf3 g6 3. Nc3 Bg7 4. b4 d6 5. Rb1 O-O 6. a3 Be6 7. e3 Nbd7 8. g3 c6
9. Bg2 Bc4 10. Nd2 b5 11. g4 Qc7 12. Nf3 Nxg4 13. Rg1 Be6 14. h3 Nh6 15. Ng5 Bf5
16. e4 Nf6 17. h4 Bg4 18. f3 Bh5 19. e5 dxe5 20. Nce4 Rad8 21. Nc5 Rxd4 22. Qe2
Rxh4 23. Na6 Qd6 24. Be3 Nd5 25. Bd2 Nf4 26. Qf2 Nxg2+ 27. Rxg2 Rc4 28. Qxa7 Qf6
29. Rf2 Rxc2 30. Nc5 Qf5 31. Nce4 Bf6 32. Nxf6+ exf6 33. Rc1 Rxc1+ 34. Bxc1 fxg5
35. f4 exf4 36. Qc7 Re8+ 37. Kf1 Qh3+ 38. Kg1 Re1+ 39. Rf1 Rxf1# 0-1

[Event "AUTO-INT-1091"]
[Site "http://www.queenalice.com/game.php?id=487761"]
[Date "2008.11.4"]
[Round "1"]
[White "cesarakg"]
[Black "aureliano"]
[Result "1-0"]
[WhiteElo "1422"]
[BlackElo "1488"]

1. e4 e5 2. Nf3 Nf6 3. Nxe5 Qe7 4. d4 Nxe4 5. Qf3 d5 6. Nc3 f5 7. Nxd5 Qd6 8.
Bc4 c6 9. Nf7 Kxf7 10. Nb6+ Be6 11. Qxf5+ Ke8 12. Bxe6 Nf6 13. Nxa8 Be7 14. O-O
Bd8 15. Bf4 g6 16. Bxd6 gxf5 17. Bxb8 Ne4 18. Rae1 h5 19. Bxf5 Kf7 20. Rxe4 Bf6
21. Be6+ Kg6 22. Bg3 Rxa8 23. f4 Rd8 24. c3 h4 25. f5+ Kh6 26. Bxh4 Rf8 27. Bg3
b6 28. Bf4+ Kg7 29. Be5 Kh6 30. Bxf6 Rxf6 31. Rh4+ Kg5 32. Rff4 Rf8 33. Rfg4+
Kf6 34. Rh6+ Ke7 35. Rg7+ Kd8 36. Rhh7 a5 37. Ra7 Re8 38. Ra8# 1-0

[Event "AUTO-INT-1091"]
[Site "http://www.queenalice.com/game.php?id=487770"]
[Date "2008.11.4"]
[Round "1"]
[White "joaohumberto"]
[Black "cesarakg"]
[Result "1-0"]
[WhiteElo "1590"]
[BlackElo "1352"]

1. d4 Nf6 2. h3 g6 3. Nc3 Bg7 4. e3 d6 5. Bc4 O-O 6. Nf3 d5 7. Bd3 Nc6 8. Ne5
Nxe5 9. dxe5 Ne8 10. Qf3 Be6 11. O-O c6 12. e4 Bxe5 13. Bh6 Bg7 14. Bxg7 Kxg7
15. Qg3 Nf6 16. e5 Nh5 17. Qg5 f6 18. Qh4 Rc8 19. Rae1 f5 20. Ne2 Bf7 21. e6 Be8
22. Ng3 Nxg3 23. fxg3 Rf6 24. g4 f4 25. g5 Rf8 26. Rxf4 Rxf4 27. Qxf4 c5 28.
Qe5+ Kg8 29. Rf1 Bc6 30. Rf7 1-0

[Event "AUTO-INT-1091"]
[Site "http://www.queenalice.com/game.php?id=487771"]
[Date "2008.11.4"]
[Round "1"]
[White "cesarakg"]
[Black "joaohumberto"]
[Result "1-0"]
[WhiteElo "1344"]
[BlackElo "1578"]

1. e4 e5 2. Nf3 Nc6 3. Bc4 Nf6 4. Nc3 Bc5 5. O-O Ng4 6. Bxf7+ Kxf7 7. Qe2 d6 8.
d3 Nd4 9. Nxd4 Bxd4 10. Qf3+ Ke7 11. Bg5+ Nf6 12. Nd5+ Ke8 13. Nxf6+ gxf6 14.
Bxf6 Qd7 15. Bxh8 Bxb2 16. Qh5+ Kd8 17. Bf6+ Qe7 18. Bxe7+ Kxe7 19. Qxh7+ Kd8
20. Rae1 a5 21. Re3 Bd7 22. Qh4+ Ke8 23. Qh8+ Ke7 24. Qxa8 Bc6 25. Rf3 Be8 26.
Qxb7 Kd7 27. Qb8 Bh5 28. Rf8 Kc6 29. Qxb2 Be2 30. Qc3+ Kd7 31. Re1 Bg4 32. Re3
Be6 33. Rg3 Ke7 34. Rh8 Bxa2 35. Qxc7+ Kf6 36. Rh6# 1-0

[Event "BrazilianChess"]
[Site "http://www.queenalice.com/game.php?id=502733"]
[Date "2008.12.4"]
[Round "-"]
[White "cesarakg"]
[Black "Lisbela2"]
[Result "1-0"]
[WhiteElo "1458"]
[BlackElo "1181"]

1. e4 e5 2. Nf3 d6 3. Bc4 Ne7 4. O-O Nec6 5. d3 Nb4 6. Nc3 Nd7 7. Bxf7+ Kxf7 8.
Ng5+ Kg6 9. Ne6 Qf6 10. Qg4+ Kf7 11. Ng5+ Kg6 12. Nd5 Qd8 13. Ne6+ Kf7 14. Nxd8+
Ke8 15. Ne6 g6 16. Ndxc7+ Ke7 17. Nd5+ Kf7 18. Nxb4 Nf6 19. Ng5+ Kg7 20. Qh4 h5
21. Nd5 Nxd5 22. exd5 Bf5 23. Bd2 Rc8 24. Ne6+ Bxe6 25. dxe6 Rxc2 26. Bc3 Rh6
27. f4 d5 28. Bxe5+ Kg8 29. Qf6 Rc7 30. Bxc7 Rh7 31. Rac1 Bb4 32. Bd8 h4 33. Rc7
Be7 34. Bxe7 1-0

[Event "Challenge"]
[Site "http://www.queenalice.com/game.php?id=561978"]
[Date "2009.3.26"]
[Round "-"]
[White "cesarakg"]
[Black "Tourinho"]
[Result "0-1"]
[WhiteElo "1463"]
[BlackElo "1647"]

1. e4 e5 2. Nf3 Nc6 3. Bc4 Bc5 4. O-O Nf6 5. Qe1 h6 6. c3 d6 7. d3 O-O 8. Be3
Bxe3 9. Qxe3 a6 10. Nbd2 b5 11. Bb3 a5 12. Rae1 a4 13. Bd1 Ng4 14. Qe2 Nf6 15.
Qe3 Re8 16. c4 bxc4 17. dxc4 Bg4 18. a3 Bxf3 19. Nxf3 Qb8 20. Qc3 Qb6 21. Nh4
Reb8 22. Re2 Nd4 23. Rd2 Nxe4 24. Qe3 Nxd2 25. Qxd2 Qxb2 0-1

[Event "AUTO-INT-1091"]
[Site "http://www.queenalice.com/game.php?id=684918"]
[Date "2009.11.17"]
[Round "2"]
[White "cesarakg"]
[Black "TomTheKing"]
[Result "0-1"]
[WhiteElo "1411"]
[BlackElo "1527"]

1. e4 c6 2. Nf3 Nf6 3. Nc3 Qb6 4. d4 d5 5. Be2 dxe4 6. Ng5 c5 7. dxc5 Qb4 8.
Nxe4 Nxe4 9. O-O Nxc5 10. Nd5 Qa5 11. b4 Qa4 12. bxc5 Qc6 13. Be3 e6 14. Nc3 Na6
15. Bf3 Qc7 0-1

[Event "AUTO-INT-1091"]
[Site "http://www.queenalice.com/game.php?id=684919"]
[Date "2009.11.17"]
[Round "2"]
[White "TomTheKing"]
[Black "cesarakg"]
[Result "1-0"]
[WhiteElo "1515"]
[BlackElo "1423"]

1. e4 e5 2. Qh5 Nc6 3. Nf3 Nf6 4. Qg5 d6 5. c3 Nxe4 6. Qe3 Nf6 7. Bc4 Be7 8. Ng5
d5 9. Bb5 O-O 10. Bxc6 bxc6 11. Qxe5 Nd7 12. Qg3 Bxg5 13. O-O Nc5 14. d3 Bxc1
15. Rxc1 Ba6 16. Na3 1-0